LEADER 00918nam0-22003011i-450- 001 990000584580403321 005 20001010 035 $a000058458 035 $aFED01000058458 035 $a(Aleph)000058458FED01 035 $a000058458 100 $a20001010d--------km-y0itay50------ba 101 0 $aita 105 $ay-------001yy 200 1 $aMATHEMATICAL THEORY OF RELIABILITY$fBARLOW RICHARD E. - PROSCHAN FRANK - HUNTER LARRY C. 210 $aNew York$cJohn Wiley & Sons$d1965 610 0 $aTecnica della Sperimentazione su materiali e strutture 610 0 $aFotoelasticitą 610 0 $aCalcolo delle probabilitą e applicazioni 700 1$aBarlow,$bRichard E.$030930 801 0$aIT$bUNINA$gRICA$2UNIMARC 901 $aBK 912 $a990000584580403321 952 $a07 E-21$b3283$fDINSC 959 $aDINSC 996 $aMathematical theory of reliability$9254071 997 $aUNINA DB $aING01 LEADER 00999nam2-2200373---450- 001 990003154180203316 005 20081001113941.0 035 $a000315418 035 $aUSA01000315418 035 $a(ALEPH)000315418USA01 035 $a000315418 100 $a20081001d1975----km-y0itay50------ba 101 $aeng 102 $aIT 105 $a||||||||001yy 200 1 $a<<1.>>$fMario Praz 205 $a2. ed. considerably increased 210 $aRoma$cEdizioni di Storia e Letteratura$d1975 215 $a607 p.$cill.$d26 cm 225 2 $aSussidi eruditi$v16 410 0$12001$aSussidi eruditi$v16 454 1$12001 461 1$1001000315416$12001 606 0 $aLibri di emblemi$xBibliografia$zSec. 17. 676 $a016 700 1$aPRAZ,$bMario$011364 801 0$aIT$bsalbc$gISBD 912 $a990003154180203316 951 $aV B PRA 1 I$b875 DBC$cV B 959 $aBK 969 $aDBC 979 $aDBC$b90$c20081001$lUSA01$h1139 996 $a1.$91018149 997 $aUNISA